000 01405nam a2200433 i 4500
001 46323
003 KOSZ 005
005 20191022081757.0
008 051010s2005 pl f |000 0 pol d
040 _cKOSZ 005
_aKOSZ 005
_dKOSZ 005/HR
041 0 _apol
046 _k2005
080 _a616-073.7
080 _a621.317
080 _a(075.8)
100 1 _aZmarzły, Dariusz
_eAutor
245 1 0 _aPomiary elektrycznych wielkości medycznych /
_cDariusz Zmarzły.
260 _aOpole :
_bPO,
_c2005.
300 _a84 s. :
_bil. ;
_c24 cm.
336 _2rdacontent
_aTekst
_btxt
337 _2rdamedia
_aBez urządzenia pośredniczącego
_bn
338 _2rdacarrier
_aWolumin
_bnc
380 _aKsiążki
388 _a2001-
490 1 _aSkrypt / Politechnika Opolska,
_x1427-9932 ;
_vnr 268
500 _aBibliogr.
650 7 _aElektrokardiografia (EKG)
650 7 _aElektroencefalografia
650 7 _aElektromiografia
650 7 _aElektrofizjologia
650 7 _aDiagnostyka medyczna
650 7 _aElektrodiagnostyka
655 7 _aPodręczniki akademickie
658 _aMedycyna i zdrowie
658 _aInżynieria i technika
830 0 _aSkrypt - Politechnika Opolska ;
_vnr 268
856 _uhttp://koha.tu.koszalin.pl/cgi-bin/koha/opac-detail.pl?biblionumber=46323
_yKatalog online BPK
942 _cKS
_2UKD
999 _c46323
_d46323